Normal view MARC view
  • Diario de México (1805-1817)

Entry Título Uniforme

Number of records used in: 1

001 - NÚMERO DE CONTROL DEL REGISTRO

  • Campo de control: 51601

003 - IDENTIFICADOR DEL NÚMERO DE CONTROL

  • Campo de control: MX-MxUPN

005 - FECHA Y HORA DE LA ÚLTIMA TRANSACCIÓN

  • Campo de control: 20240417164203.0

008 - ELEMENTOS DE LONGITUD FIJA

  • Campo de control de longitud fija : 240417nn acnnnaabn n ana d

040 ## - FUENTE DE LA CATALOGACIÓN

  • Agencia que crea de manera original el registro: MX-MxUPN
  • Idioma de la catalogación: spa

130 ## - ENCABEZAMIENTO - TÍTULO UNIFORME

  • Título uniforme: Diario de México (1805-1817)

670 ## - FUENTE EN LA QUE SE LOCALIZARON DATOS

  • Cita de la fuente: A,B.C Diario de México, 2009 :
  • Información localizada: página 15 (El Diario de México (1805-1817) fue el primer periódico diario publicado en nuestro país […] tuvo una vida de poco más de once años: del 1 de octubre de 1805 al 4 de enero 1817).

678 ## - DATOS BIOGRÁFICOS Y/O HISTORICOS

  • Datos biográficos o históricos: El Diario de México (1805-1817) fue el primer periódico diario publicado en nuestro país […] tuvo una vida de poco más de once años: del 1 de octubre de 1805 al 4 de enero 1817).

902 ## - CATALOGADOR

  • Catalogador: VíctorGodínez/170424